[Event "Olomouc Chess Summer 2011 - Valoz Cup"]
[Site "Olomouc (CZE), Hotel Sigma"]
[Date "2011.08.07"]
[Round "5"]
[White "Kalinitschew, Sergey"]
[Black "Bures, Jaroslav"]
[Result "0-1"]
[WhiteElo "2431"]
[BlackElo "2380"]
[PlyCount "0"]
[EventDate "2011.08.03"]

1. d4 Nf6 2. c4 c5 3. d5 b5 4. cxb5 a6 5. bxa6 g6 6. Nc3 Bxa6 7. e4 Bxf1 8.
Kxf1 d6 9. Nge2 Bg7 10. h3 O-O 11. Kg1 Qa5 12. Rb1 Nfd7 13. Bg5 Re8 14. Kh2 Nb6
15. Qc1 Na4 16. Bd2 Nd7 17. a3 Nab6 18. Rd1 Qa6 19. Bh6 Bh8 20. Kg1 Reb8 21.
Bg5 Nc4 22. a4 Rb3 23. Bxe7 Rab8 24. Rf1 Nde5 25. Nb5 Qxa4 26. Nxd6 Nxb2 27.
Qxc5 Qd7 28. Bg5 R3b6 29. Nxf7 Nxf7 30. Be3 Rb4 31. f3 Be5 32. Rfc1 Nd3 33.
Rxb4 Nxc5 34. Rxb8+ Bxb8 35. Bxc5 Ne5 36. Be3 Ba7 37. Nd4 Qa4 38. Rc8+ Kf7 39.
Rc7+ Ke8 40. Nc2 Bxe3+ 41. Nxe3 Qd4 42. Kf2 Qd2+ 43. Kg3 Qxe3 44. Rxh7 Nd3 0-1

[Event "Olomouc Chess Summer 2011 - Valoz Cup"]
[Site "Olomouc (CZE), Hotel Sigma"]
[Date "2011.08.07"]
[Round "5"]
[White "Arutinian, David"]
[Black "Dobrowolski, Piotr"]
[Result "1-0"]
[WhiteElo "2562"]
[BlackElo "2423"]
[PlyCount "103"]
[EventDate "2011.08.03"]

1. c4 e5 2. g3 Nf6 3. Bg2 d5 4. cxd5 Nxd5 5. Nc3 Nb6 6. Nf3 Nc6 7. O-O Be7 8.
d3 O-O 9. b3 Re8 10. Bb2 Bf8 11. Rc1 Bg4 12. h3 Be6 13. Ne4 f6 14. Nc5 Bxc5 15.
Rxc5 Qd7 16. Kh2 Rad8 17. Qc1 Bd5 18. Rd1 Re7 19. Rd2 Nd4 20. e4 Nxf3+ 21. Bxf3
Bc6 22. Bg4 Qe8 23. f4 h5 24. Bf3 Nd7 25. Ra5 h4 26. gxh4 Qg6 27. Ba3 Ree8 28.
Rg2 Qh6 29. Qc4+ Kh8 30. Bc1 exf4 31. d4 g6 32. Qf7 Qh7 33. Qxg6 Qxg6 34. Rxg6
b5 35. Bxf4 Bxe4 36. Bxe4 Rxe4 37. Bxc7 Rc8 38. Rxb5 Rxh4 39. Bf4 Rc2+ 40. Kg3
Rh7 41. Rh6 Rxh6 42. Bxh6 Rxa2 43. Rb7 Nb6 44. Bg7+ Kg8 45. Bxf6 Rb2 46. h4
Rxb3+ 47. Kg4 Rb1 48. Kf5 Rg1 49. h5 Nd5 50. Bg5 a6 51. h6 Rf1+ 52. Kg6 1-0

[Event "Olomouc Chess Summer 2011 - Valoz Cup"]
[Site "Olomouc (CZE), Hotel Sigma"]
[Date "2011.08.07"]
[Round "5"]
[White "Drozdowski, Kacper"]
[Black "Krivoborodov, Egor"]
[Result "1-0"]
[WhiteElo "2311"]
[BlackElo "2507"]
[PlyCount "99"]
[EventDate "2011.08.03"]

1. e4 c5 2. Nf3 Nc6 3. d4 cxd4 4. Nxd4 Nf6 5. Nc3 d6 6. Bg5 e6 7. Qd2 Be7 8.
O-O-O O-O 9. f4 Nxd4 10. Qxd4 Qa5 11. e5 dxe5 12. Qxe5 b5 13. Ne4 Nd5 14. Bxe7
Nxe7 15. Kb1 Bb7 16. Bd3 Bd5 17. Nc3 Rac8 18. Nxd5 Nxd5 19. h4 Qb4 20. a3 Qxf4
21. Qxf4 Nxf4 22. Bxb5 Nxg2 23. Rd7 a5 24. Ra7 Ne3 25. Rxa5 Nxc2 26. Rd1 Rc5
27. Rd7 e5 28. Rda7 Nd4 29. Bd3 Rxa5 30. Rxa5 Re8 31. a4 Nf3 32. Rd5 h5 33. a5
e4 34. Be2 Ne5 35. a6 e3 36. b4 Ng6 37. Rd4 Ne7 38. Re4 Kf8 39. Rxe3 Nc8 40.
Rxe8+ Kxe8 41. Bxh5 g6 42. Bf3 Kd7 43. Bd5 f6 44. Bf7 g5 45. h5 Ke7 46. Bd5 Na7
47. h6 Kf8 48. Kc2 f5 49. Kd3 Nb5 50. Kc4 1-0

[Event "Olomouc Chess Summer 2011 - Valoz Cup"]
[Site "Olomouc (CZE), Hotel Sigma"]
[Date "2011.08.07"]
[Round "5"]
[White "Butkiewicz, Lukasz"]
[Black "Zilka, Stepan"]
[Result "0-1"]
[WhiteElo "2435"]
[BlackElo "2506"]
[PlyCount "0"]
[EventDate "2011.08.03"]

1. e4 e5 2. Nf3 Nc6 3. Nc3 Nf6 4. a3 d6 5. d4 Bg4 6. d5 Nd4 7. Be3 Nxf3+ 8.
gxf3 Bd7 9. Rg1 g6 10. f4 Bh6 11. Qf3 Bxf4 12. Bxf4 exf4 13. Qxf4 Nh5 14. Qe3
Qh4 15. O-O-O Qxh2 16. Ne2 O-O 17. f4 Rae8 18. Bg2 Bb5 19. Nd4 Ba6 20. f5 Qf4
21. Qxf4 Nxf4 22. Bf3 c5 23. dxc6 bxc6 24. Rg4 Nh3 25. Rd2 d5 26. Nxc6 h5 27.
Rh4 Ng5 28. Bxh5 gxh5 29. Rxh5 f6 30. e5 Bb7 31. Na5 Ba8 32. e6 Re7 33. Nb3 Rh7
34. Rxh7 Kxh7 35. Nd4 Kg7 36. b3 Rh8 37. Nb5 Rh1+ 38. Kb2 Rf1 39. Nc7 Bc6 40.
Nxd5 Ne4 41. Rd4 Bxd5 42. Rxd5 Rb1+ 43. Kxb1 Nc3+ 44. Kc1 Nxd5 45. c4 Ne7 46.
b4 Kh6 47. c5 Kg5 48. b5 Kxf5 49. b6 axb6 50. cxb6 Kxe6 51. a4 Nc6 52. Kd2 f5
53. Kd3 Kd5 54. b7 f4 55. a5 Nb8 0-1

[Event "Olomouc Chess Summer 2011 - Prima pack cup"]
[Site "Olomouc (CZE), Hotel Sigma"]
[Date "2011.08.07"]
[Round "5"]
[White "Plat, Vojtech"]
[Black "Simantsev, Mikhail"]
[Result "1/2-1/2"]
[WhiteElo "2410"]
[BlackElo "2558"]
[PlyCount "0"]
[EventDate "2011.08.03"]

1. e4 e5 2. Nf3 Nc6 3. Bb5 a6 4. Ba4 Nf6 5. O-O b5 6. Bb3 Bc5 7. d3 d6 8. c3
O-O 9. Bg5 h6 10. Bxf6 Qxf6 11. Bd5 Bd7 12. a4 Rab8 13. axb5 axb5 14. b4 Bb6
15. Bxc6 Bxc6 16. Na3 Qe7 17. Qe2 f5 18. Kh1 Ra8 19. Nd2 Ra4 20. Nc2 Rxa1 21.
Nxa1 fxe4 22. dxe4 Qe6 23. f3 Ra8 24. Nc2 Ra2 25. Qd3 d5 26. Ne3 dxe4 27. Nxe4
Qg6 28. Ng4 Kh7 29. h3 Bxe4 30. Qxe4 Qxe4 31. fxe4 Rc2 32. Rf3 c5 33. bxc5 Bxc5
34. Rd3 Bb6 35. Nxe5 Bc7 36. Rd5 Rxc3 37. Rxb5 Rc1+ 38. Kh2 Re1 39. Rc5 Bb8 40.
Rb5 1/2-1/2

[Event "Olomouc Chess Summer 2011 - Prima pack cup"]
[Site "Olomouc (CZE), Hotel Sigma"]
[Date "2011.08.07"]
[Round "5"]
[White "Biolek, Richard Jr"]
[Black "Chernyshov, Konstantin"]
[Result "1/2-1/2"]
[WhiteElo "2409"]
[BlackElo "2552"]
[PlyCount "0"]
[EventDate "2011.08.03"]

1. e4 e6 2. d4 d5 3. exd5 exd5 4. Nf3 Bd6 5. c4 Qe7+ 6. Be2 dxc4 7. O-O Nf6 8.
Bxc4 O-O 9. Re1 Qd8 10. Ne5 Nc6 11. Nxc6 bxc6 12. Bg5 Rb8 13. b3 Bb4 14. Re3 h6
15. Bxf6 Qxf6 16. Nc3 Bxc3 17. Rxc3 c5 18. Rf3 Qxd4 19. Qxd4 cxd4 20. Re1 Bb7
21. Rf4 Rbd8 22. Rd1 c5 23. Rf5 Rc8 24. Re1 Rc7 25. f3 Rd8 26. Kf2 g6 27. Rfe5
Kf8 28. h4 h5 29. g4 hxg4 30. fxg4 Bc8 31. h5 Bxg4 32. h6 Kg8 33. Rg1 Bc8 34.
Rxg6+ Kh7 35. Rf6 d3 36. Rd5 Rxd5 37. Bxd5 Re7 38. Rxf7+ Rxf7+ 1/2-1/2

[Event "Olomouc Chess Summer 2011 - Prima pack c"]
[Site "Olomouc (CZE), Hotel Sigma"]
[Date "2011.08.07"]
[Round "5"]
[White "Stachowiak, Kamil"]
[Black "Kanovsky, David"]
[Result "0-1"]
[WhiteElo "2436"]
[BlackElo "2478"]
[PlyCount "76"]
[EventDate "2011.08.03"]

1. d4 Nf6 2. Nf3 c5 3. d5 g6 4. Nc3 Bg7 5. e4 d6 6. Be2 O-O 7. O-O e6 8. h3
exd5 9. exd5 Na6 10. Bf4 Nc7 11. a4 b6 12. Nb5 Nfe8 13. Ra2 a6 14. Nxc7 Nxc7
15. c4 h6 16. Bd3 g5 17. Bd2 f5 18. b4 a5 19. b5 Qf6 20. Rc2 Ne8 21. Bc3 Qf7
22. Bxg7 Nxg7 23. Re2 Bd7 24. Rfe1 Rae8 25. Rxe8 Rxe8 26. g3 Rxe1+ 27. Qxe1 Qh5
28. Nd2 Kf7 29. Kg2 f4 30. g4 f3+ 31. Nxf3 Bxg4 32. Ng1 Bd7 33. Qe3 Nf5 34.
Bxf5 Bxf5 35. Ne2 Qh4 36. f4 Qh5 37. Nc3 gxf4 38. Qxf4 Qxh3+ 0-1

[Event "Olomouc Chess Summer 2011 - Prima pack c"]
[Site "Olomouc (CZE), Hotel Sigma"]
[Date "2011.08.07"]
[Round "5"]
[White "Figura, Atila Gajo"]
[Black "Gavrilov, Alexei"]
[Result "0-1"]
[WhiteElo "2358"]
[BlackElo "2481"]
[PlyCount "72"]
[EventDate "2011.08.03"]

1. e4 e5 2. Nf3 Nc6 3. Bb5 a6 4. Ba4 Nf6 5. O-O Be7 6. Re1 b5 7. Bb3 d6 8. c3
O-O 9. h3 Na5 10. Bc2 c5 11. d4 Nd7 12. dxc5 dxc5 13. Nbd2 Bb7 14. Nf1 Nc4 15.
b3 Nd6 16. Qe2 Re8 17. Ng3 g6 18. Bh6 Qc7 19. h4 Bf8 20. Qd2 Bxh6 21. Qxh6 f6
22. Nh2 Nf7 23. Qe3 Kg7 24. h5 Nh6 25. Ngf1 Nf8 26. Qg3 Ne6 27. Ne3 Nf4 28.
hxg6 hxg6 29. c4 Qa5 30. Nhf1 Rad8 31. Nd5 Bxd5 32. exd5 Nf7 33. Ne3 Ng5 34.
Qg4 Rh8 35. cxb5 Rh6 36. g3 Qd2 0-1

[Event "Olomouc Chess Summer 2011 - Winsoft comp"]
[Site "Olomouc (CZE), Hotel Sigma"]
[Date "2011.08.07"]
[Round "5"]
[White "Obsivac, Josef"]
[Black "Stachanczyk, Jacek"]
[Result "1-0"]
[WhiteElo "2273"]
[BlackElo "2328"]
[PlyCount "65"]
[EventDate "2011.08.03"]

1. d4 g6 2. c4 Nf6 3. Nc3 Bg7 4. e4 d6 5. Nf3 O-O 6. Be2 e5 7. O-O Nc6 8. d5
Ne7 9. b4 a5 10. Ba3 axb4 11. Bxb4 Nd7 12. a4 Kh8 13. a5 Ng8 14. Nd2 f5 15. Nb3
Ngf6 16. c5 Qe7 17. cxd6 cxd6 18. Nd2 Nc5 19. Bxc5 dxc5 20. Nc4 Rd8 21. f3 Ne8
22. Nb5 Bd7 23. Rb1 Bxb5 24. Rxb5 Nd6 25. Nxd6 Rxd6 26. Qd3 Rda6 27. Rfb1 fxe4
28. fxe4 Rxa5 29. Rxb7 Qf8 30. g3 Ra3 31. Qb5 c4 32. Qxc4 Bh6 33. Qc7 1-0

[Event "Olomouc Chess Summer 2011 - Winsoft comp"]
[Site "Olomouc (CZE), Hotel Sigma"]
[Date "2011.08.07"]
[Round "5"]
[White "Poznanska, Katarzyna"]
[Black "Wiley, Tom E"]
[Result "1-0"]
[WhiteElo "2068"]
[BlackElo "2306"]
[PlyCount "105"]
[EventDate "2011.08.03"]

1. e4 c6 2. d4 d5 3. Nc3 dxe4 4. Nxe4 Nd7 5. Nf3 Ngf6 6. Nxf6+ Nxf6 7. Bc4 Bf5
8. Qe2 e6 9. Bg5 Be7 10. O-O O-O 11. Rad1 b5 12. Bxf6 Bxf6 13. Bd3 Bxd3 14.
Rxd3 Qb6 15. Ne5 Rad8 16. c3 Rd5 17. Ng4 Be7 18. b4 Qc7 19. f4 g6 20. Rh3 Re8
21. f5 Bg5 22. fxg6 fxg6 23. Ne5 Rf8 24. Rxf8+ Kxf8 25. Rf3+ Kg8 26. Qf2 Qg7
27. h4 Bc1 28. g4 Rxe5 29. dxe5 Qxe5 30. g5 Qd6 31. Qd4 Qxd4+ 32. cxd4 Bb2 33.
Rf4 Ba3 34. Rf6 Bxb4 35. Rxe6 c5 36. d5 c4 37. d6 Kf7 38. d7 Be7 39. Rf6+ Kg7
40. Kf1 h6 41. Ke2 hxg5 42. hxg5 b4 43. Ra6 Kf7 44. Rf6+ Kg7 45. Rd6 Bd8 46.
Re6 b3 47. axb3 cxb3 48. Kd3 a5 49. Re8 Bxg5 50. d8=Q Bxd8 51. Rxd8 a4 52. Rb8
Kf6 53. Ke4 1-0

[Event "Olomouc Chess Summer 2011 - Winsoft comp"]
[Site "Olomouc (CZE), Hotel Sigma"]
[Date "2011.08.07"]
[Round "5"]
[White "Jurek, Josef"]
[Black "Biolek, Richard"]
[Result "1/2-1/2"]
[WhiteElo "2324"]
[BlackElo "2478"]
[PlyCount "20"]
[EventDate "2011.08.03"]

1. d4 d5 2. c4 dxc4 3. Nf3 Nf6 4. e3 e6 5. Bxc4 c5 6. O-O a6 7. Qe2 b5 8. Bd3
Bb7 9. a4 b4 10. Nbd2 Nbd7 1/2-1/2

[Event "Olomouc Chess Summer 2011 - Winsoft company cup"]
[Site "Olomouc (CZE), Hotel Sigma"]
[Date "2011.08.07"]
[Round "5"]
[White "Dmitrenko, Viktor"]
[Black "Yuffa, Daniil"]
[Result "0-1"]
[WhiteElo "2353"]
[BlackElo "2302"]
[PlyCount "0"]
[EventDate "2011.08.03"]

1. Nf3 d6 2. c4 g6 3. Nc3 Bg7 4. g3 Nf6 5. Bg2 O-O 6. O-O Nbd7 7. Rb1 e5 8. d3
a5 9. a3 Re8 10. Qc2 c6 11. b4 axb4 12. axb4 d5 13. Nd2 Nf8 14. Bb2 Bg4 15. h3
Bf5 16. Ra1 Rc8 17. e4 dxe4 18. dxe4 Be6 19. Na4 N6d7 20. Rfd1 Qc7 21. c5 Rcd8
22. Qc3 h5 23. f4 Bf6 24. f5 gxf5 25. exf5 Bxf5 26. Ne4 Bxe4 27. Bxe4 Bg7 28.
Bf3 Nf6 29. Rxd8 Qxd8 30. Rd1 Qe7 31. Nb6 Ng6 32. Nc4 e4 33. Bg2 h4 34. Nd6 Rd8
35. Qb3 hxg3 36. Rf1 Rxd6 37. cxd6 Qxd6 38. Rd1 Qf4 39. Rf1 Qd6 40. Rd1 Qf4 41.
Rf1 Qg5 42. Bc1 Qe5 43. Bb2 Qg5 44. Bc1 Qh4 45. b5 Nd5 46. bxc6 Bd4+ 47. Kh1
bxc6 48. Qb8+ Kg7 49. Bb2 c5 50. Rf5 Nf6 51. Ba3 Ng4 52. Bxc5 Nf2+ 53. Rxf2
Bxf2 54. Ba3 e3 55. Bb2+ Kh7 56. Qc7 Qf4 57. Qc3 Kh6 58. Qg7+ Kg5 59. Bc1 Qc4
60. Bb2 Qf4 61. Bc1 Qd6 62. Bf3 g2+ 63. Kxg2 Qg3+ 64. Kf1 Qxf3 0-1

[Event "Olomouc Chess Summer 2011 - Winsoft comp"]
[Site "Olomouc (CZE), Hotel Sigma"]
[Date "2011.08.07"]
[Round "5"]
[White "Moritz, Aron"]
[Black "Furman, Boris"]
[Result "0-1"]
[WhiteElo "2091"]
[BlackElo "2262"]
[PlyCount "94"]
[EventDate "2011.08.03"]

1. e4 c5 2. Nf3 Nc6 3. d4 cxd4 4. Nxd4 Nf6 5. Nc3 d6 6. Bg5 e6 7. Qd2 Be7 8.
O-O-O O-O 9. Nb3 Qb6 10. h4 Rd8 11. h5 h6 12. Be3 Qc7 13. f4 a6 14. Bd3 b5 15.
Qe2 e5 16. f5 Nb4 17. Kb1 d5 18. exd5 Nbxd5 19. Nxd5 Nxd5 20. Be4 Bb7 21. Bd2
Rd7 22. Ba5 Qc4 23. Bd3 Qa4 24. Qxe5 Bf6 25. Qe1 Re7 26. Qf2 Nf4 27. Rhe1 Nxd3
28. Rxd3 Rxe1+ 29. Bxe1 Qg4 30. Nc5 Rd8 31. Nd7 Bg5 32. a3 Qxg2 33. Qd4 Qe4 34.
Bc3 Qxd4 35. Rxd4 Bc8 36. Nc5 Rxd4 37. Bxd4 Bxf5 38. Nxa6 Bd8 39. b4 Bg4 40.
Kb2 Bxh5 41. a4 bxa4 42. c4 Be2 43. Kc3 a3 44. Nc5 h5 45. b5 h4 46. Be5 h3 47.
Kb3 a2 0-1

[Event "Olomouc Chess Summer 2011 - Ceska pojistovna cup"]
[Site "Olomouc (CZE), Hotel Sigma"]
[Date "2011.08.07"]
[Round "5"]
[White "Ruzicka, Petr"]
[Black "Mackowiak, Marek"]
[Result "1-0"]
[WhiteElo "2271"]
[BlackElo "2236"]
[PlyCount "0"]
[EventDate "2011.08.03"]

1. Nf3 g6 2. g3 Bg7 3. d4 Nf6 4. b3 d5 5. Bb2 c6 6. Bg2 Bf5 7. O-O Qc8 8. Re1
O-O 9. Nbd2 Ne4 10. Nh4 Nxd2 11. Nxf5 Qxf5 12. Qxd2 e6 13. c4 Nd7 14. Rad1 Nf6
15. f3 Qh5 16. Ba3 Rfd8 17. e3 Rd7 18. Qf2 dxc4 19. bxc4 Qa5 20. Qb2 Rad8 21.
Bb4 Qa4 22. Rd3 a5 23. Bc5 Qxc4 24. Ra3 Ne8 25. Rc1 Qd5 26. Rxa5 Qg5 27. f4 Qh6
28. Ra7 e5 29. Rxb7 Rxb7 30. Qxb7 exd4 31. Be7 Rd6 32. Qc8 Re6 33. Qxe8+ Bf8
34. Qxf8+ Qxf8 35. Bxf8 Kxf8 36. exd4 1-0

[Event "Olomouc Chess Summer 2011 - Ceska pojistovna cup"]
[Site "Olomouc (CZE), Hotel Sigma"]
[Date "2011.08.07"]
[Round "5"]
[White "Michalczak, Thomas"]
[Black "Mishuchkov, Nikolai M"]
[Result "1/2-1/2"]
[WhiteElo "2325"]
[BlackElo "2415"]
[PlyCount "0"]
[EventDate "2011.08.03"]

1. e4 c5 2. Nf3 e6 3. c3 d5 4. exd5 exd5 5. d4 a6 6. Be2 Bd6 7. O-O Nc6 8. dxc5
Bxc5 9. Bg5 Nge7 10. Nbd2 O-O 1/2-1/2

[Event "Olomouc Chess Summer 2011 - Open Olomouc"]
[Site "Olomouc"]
[Date "2011.08.07"]
[Round "4.1"]
[White "Dukaczewski, Piotr"]
[Black "Bryzgalin, Kirill"]
[Result "0-1"]
[WhiteElo "2290"]
[BlackElo "2469"]
[PlyCount "90"]
[EventDate "2011.08.04"]

1. c4 e5 2. g3 d6 3. Bg2 c6 4. Nc3 Nf6 5. Nf3 Be7 6. d3 O-O 7. O-O h6 8. Rb1 a6
9. b4 Bg4 10. Qb3 Nbd7 11. e4 b5 12. Be3 Be6 13. h3 a5 14. a3 axb4 15. axb4 Rb8
16. Nd2 c5 17. Nd5 bxc4 18. Qxc4 Bxd5 19. exd5 Nb6 20. Qa2 Ra8 21. Qb3 cxb4 22.
Rfc1 Rb8 23. Rc6 Re8 24. Bxb6 Rxb6 25. Rxb6 Qxb6 26. Qxb4 Qa7 27. Qb6 Qa3 28.
Qb3 Qc5 29. Qc4 Qxc4 30. Nxc4 Nd7 31. Kf1 Nc5 32. Ke2 Ra8 33. h4 h5 34. Kd2 g6
35. Rb6 Bf8 36. Kc2 Ra2+ 37. Rb2 Ra1 38. Kd2 Rg1 39. Bf3 Rf1 40. Ke2 Rc1 41.
Kd2 Bh6+ 42. Ke2 e4 43. Bxe4 Nxe4 44. dxe4 Rxc4 45. Kd3 Rd4+ 0-1

[Event "Olomouc Chess Summer 2011 - Open Olomouc"]
[Site "Olomouc"]
[Date "2011.08.07"]
[Round "4.3"]
[White "Ageichenko, Genadi A"]
[Black "Zakharchenko, Arnold"]
[Result "1/2-1/2"]
[WhiteElo "2356"]
[BlackElo "2202"]
[PlyCount "87"]
[EventDate "2011.08.04"]

1. d4 d5 2. c4 dxc4 3. Nf3 Nf6 4. e3 e6 5. Bxc4 c5 6. O-O a6 7. a4 Nc6 8. Qe2
Qc7 9. Nc3 Bd6 10. b3 cxd4 11. exd4 O-O 12. Bg5 Ng4 13. h3 Nh2 14. Rfd1 Nxf3+
15. Qxf3 h6 16. Be3 Na5 17. Ne4 Nxc4 18. bxc4 Be7 19. d5 Bd8 20. Bc5 exd5 21.
cxd5 Re8 22. Nd6 Re5 23. Rac1 Qd7 24. Bd4 Rg5 25. h4 Rg6 26. Nxc8 Rxc8 27. Rxc8
Qxc8 28. h5 Rg5 29. Be3 Rg4 30. d6 Qd7 31. Rb1 Rxa4 32. Qg3 Qf5 33. Rc1 Kh7 34.
Qf3 Qxf3 35. gxf3 Ra5 36. Rc7 Rd5 37. Rd7 Bf6 38. Rxb7 Rxd6 39. Rxf7 Rd5 40.
Ra7 a5 41. Kg2 Rxh5 42. Bd2 Bd4 43. Rxa5 Rxa5 44. Bxa5 1/2-1/2

[Event "Olomouc Chess Summer 2011 - Open Olomouc"]
[Site "Olomouc"]
[Date "2011.08.07"]
[Round "4.4"]
[White "Miskulin, Dennis"]
[Black "Johansson, Jan"]
[Result "0-1"]
[WhiteElo "2208"]
[BlackElo "2397"]
[PlyCount "102"]
[EventDate "2011.08.04"]

1. e4 e5 2. Nf3 d6 3. d4 exd4 4. Nxd4 Nf6 5. Nc3 Be7 6. Be2 O-O 7. O-O a6 8. a4
c5 9. Nb3 Nc6 10. f4 Be6 11. Kh1 Rc8 12. Be3 Nb4 13. Bf3 d5 14. exd5 Nbxd5 15.
Nxd5 Nxd5 16. Bg1 Nb4 17. Qe2 Rc7 18. Rad1 Qe8 19. a5 Qb5 20. Qe5 Rfc8 21. Be2
Qe8 22. f5 Bxb3 23. cxb3 Nc6 24. Qg3 Bf6 25. Bf3 Nd4 26. Bd5 Qd8 27. Bc4 Rd7
28. Qg4 Qxa5 29. Be6 Qd8 30. Bxd7 Qxd7 31. b4 b6 32. bxc5 bxc5 33. b4 h5 34.
Qxh5 Qb5 35. bxc5 Rxc5 36. Rb1 Qe8 37. Bxd4 Bxd4 38. Qg4 Bf6 39. Rfe1 Qc8 40.
Rf1 a5 41. Qf4 Be5 42. Qe4 Qc7 43. Rbd1 Rb5 44. Rd5 Rxd5 45. Qxd5 Bxh2 46. Ra1
Bg3 47. Qxa5 Qf4 48. Qd5 Qh4+ 49. Kg1 Qh2+ 50. Kf1 Qh1+ 51. Ke2 Qxa1 0-1

[Event "Olomouc Chess Summer 2011 - Open Olomouc"]
[Site "Olomouc"]
[Date "2011.08.07"]
[Round "4.5"]
[White "Stolarczyk, Anna"]
[Black "Rojicek, Vojtech"]
[Result "0-1"]
[WhiteElo "2020"]
[BlackElo "2396"]
[PlyCount "56"]
[EventDate "2011.08.04"]

1. d4 Nf6 2. c4 g6 3. Nc3 Bg7 4. e4 d6 5. Bd3 Nbd7 6. Nge2 O-O 7. O-O c5 8. d5
Ne5 9. a3 Nfd7 10. f4 Nxd3 11. Qxd3 a6 12. Be3 b5 13. b3 Rb8 14. Rab1 Qa5 15.
a4 bxc4 16. Qxc4 Rb4 17. Qd3 c4 18. bxc4 Nc5 19. Qd1 Rxc4 20. Bd2 Qd8 21. h3
Nxe4 22. Nxe4 Rxe4 23. Nc3 Rd4 24. Qe2 Bf5 25. Be3 Bxb1 26. Rxb1 Qa5 27. Nd1
Rxa4 28. Bb6 Qxd5 0-1

[Event "Olomouc Chess Summer 2011 - Open Olomouc"]
[Site "Olomouc"]
[Date "2011.08.07"]
[Round "4.6"]
[White "Jasny, Stanislav"]
[Black "Zednik, Josef"]
[Result "1-0"]
[WhiteElo "2366"]
[BlackElo "2096"]
[PlyCount "173"]
[EventDate "2011.08.04"]

1. e4 e5 2. Nf3 Nc6 3. Bb5 a6 4. Ba4 Nf6 5. O-O Be7 6. Re1 b5 7. Bb3 d6 8. c3
Na5 9. Bc2 c5 10. h3 Qc7 11. d4 O-O 12. d5 Bd7 13. b3 Rfc8 14. Nbd2 Bf8 15. Nf1
c4 16. b4 Nb7 17. N3h2 a5 18. a3 axb4 19. cxb4 g6 20. Ng3 Bg7 21. Ra2 Ra6 22.
Bb1 Rca8 23. Rc2 Be8 24. Rc3 Nd8 25. Bc2 Nd7 26. Qg4 Nb6 27. Ngf1 Qe7 28. Rg3
Bd7 29. Qd1 f6 30. h4 Nf7 31. h5 g5 32. Ne3 Nh6 33. Qd2 Kh8 34. Bd1 Qf7 35. Bf3
Rg8 36. Qd1 Bf8 37. Nhg4 Nc8 38. Nxh6 Bxh6 39. Bg4 Bf8 40. Qf3 Nb6 41. Bxd7
Nxd7 42. Qf5 h6 43. Rf3 Bg7 44. Rd1 Re8 45. Qg4 Nb6 46. Rf1 Qd7 47. Rf5 Rf8 48.
Nd1 Rf7 49. Qh3 Nc8 50. Ne3 Ne7 51. Rf3 Qxh3 52. gxh3 Kg8 53. Nf5 Nxf5 54. Rxf5
Bf8 55. Kg2 Be7 56. Kg3 Bd8 57. Kg4 Rf8 58. Rf3 Kf7 59. Kf5 Bb6 60. Rg1 Rh8 61.
h4 Rf8 62. Rgg3 Raa8 63. Kg4 Kg7 64. Rf5 Rf7 65. Rgf3 Raa7 66. Kg3 Bd4 67. hxg5
fxg5 68. Rxf7+ Rxf7 69. Rxf7+ Kxf7 70. f3 Kf6 71. Kg2 Ke7 72. Kf1 Kf6 73. Ke2
Bb6 74. Kd1 Bd4 75. Kc2 Ke7 76. Kb1 Ke8 77. Ka2 Bb6 78. a4 bxa4 79. Ka3 Bd8 80.
Kxa4 Kd7 81. b5 Kc7 82. Bd2 Kb7 83. Kb4 c3 84. Bxc3 Bb6 85. Bd2 Bd8 86. Ka4 Kb6
87. Ba5+ 1-0

[Event "Olomouc Chess Summer 2011 - Open Olomouc"]
[Site "Olomouc"]
[Date "2011.08.07"]
[Round "4.7"]
[White "Amberger, Dieter"]
[Black "Kireev, Aleksei"]
[Result "0-1"]
[WhiteElo "2083"]
[BlackElo "2360"]
[PlyCount "62"]
[EventDate "2011.08.04"]

1. d4 d6 2. e4 g6 3. Nc3 c6 4. Be3 e5 5. Qd2 Nd7 6. O-O-O Qe7 7. f3 h5 8. h4
Bh6 9. Bxh6 Nxh6 10. g3 f6 11. d5 c5 12. Bh3 a6 13. f4 b5 14. Nf3 Nf7 15. g4
exf4 16. gxh5 Rxh5 17. Bg4 Rh8 18. Bxd7+ Bxd7 19. Qxf4 Ne5 20. Nxe5 Qxe5 21.
Qd2 b4 22. Ne2 Bg4 23. Rdf1 Bxe2 24. Qxe2 Kf7 25. Qg4 Rae8 26. Qf3 Kg7 27. Kb1
a5 28. a3 bxa3 29. Qxa3 Rb8 30. Re1 Rb4 31. Re3 Rhb8 0-1

[Event "Olomouc Chess Summer 2011 - Open Olomouc"]
[Site "Olomouc"]
[Date "2011.08.07"]
[Round "4.8"]
[White "Janyska, Pavel"]
[Black "Chudinovskikh, Alexander M"]
[Result "1-0"]
[WhiteElo "2017"]
[BlackElo "2302"]
[PlyCount "139"]
[EventDate "2011.08.04"]

1. e4 e5 2. Nf3 Nc6 3. Bc4 Nf6 4. d4 exd4 5. e5 d5 6. Bb5 Nd7 7. O-O Be7 8.
Bxc6 bxc6 9. e6 fxe6 10. Nxd4 Nf6 11. Nxc6 Qd6 12. Nxe7 Kxe7 13. Re1 Rf8 14. b3
c5 15. Ba3 Bb7 16. Qe2 Rac8 17. Nc3 Ba6 18. Qe5 Qxe5 19. Rxe5 Kd6 20. Rae1 Rfe8
21. b4 Ne4 22. Nxe4+ Kxe5 23. Nxc5+ Kf5 24. Nxa6 Rxc2 25. b5 Rec8 26. Nb4 Rd2
27. Nc6 Rc7 28. Bd6 Rd7 29. Bc5 Rxa2 30. Nd4+ Kf6 31. Rxe6+ Kf7 32. Re1 Rc7 33.
Nc6 Rb2 34. Nd8+ Kg6 35. Ne6 Rb7 36. Nd4 Rc7 37. Bd6 Rc4 38. Be5 Ra2 39. g3
Raa4 40. Nc6 Rc5 41. Rb1 d4 42. Bb8 Rc2 43. Bxa7 Rxc6 44. bxc6 Rxa7 45. Rc1 Rc7
46. Kf1 Kf5 47. Ke2 Ke5 48. Kd3 Kd5 49. f3 Rxc6 50. Rxc6 Kxc6 51. Kxd4 Kd6 52.
Ke4 Ke6 53. h3 g5 54. f4 gxf4 55. gxf4 Kf6 56. h4 Ke6 57. f5+ Kf6 58. Kf4 Kf7
59. Kg5 Kg7 60. h5 Kf7 61. Kh6 Kg8 62. Kg5 Kf7 63. Kf4 Kf6 64. Ke4 Kf7 65. Ke5
Ke7 66. f6+ Kf7 67. Kf5 Kf8 68. Ke6 Ke8 69. f7+ Kf8 70. Kf6 1-0

[Event "Olomouc Chess Summer 2011 - Open Olomouc"]
[Site "Olomouc"]
[Date "2011.08.07"]
[Round "4.10"]
[White "De Marchi, Olivier"]
[Black "Kowalczyk, Rafal"]
[Result "0-1"]
[WhiteElo "2267"]
[BlackElo "2085"]
[PlyCount "100"]
[EventDate "2011.08.04"]

1. d4 d5 2. c4 dxc4 3. e3 e6 4. Bxc4 Nf6 5. Nf3 a6 6. O-O c5 7. Bd3 Nc6 8. Nc3
Be7 9. dxc5 Bxc5 10. a3 b5 11. b4 Bb6 12. Bb2 Bb7 13. Ne4 Nxe4 14. Bxe4 f5 15.
Bc2 Qe7 16. e4 f4 17. Ne5 O-O 18. Qg4 Nd4 19. Rad1 Rad8 20. Bb1 Qf6 21. Bxd4
Bxd4 22. Nf3 e5 23. Rc1 Rc8 24. Qd7 Bc6 25. Ba2+ Kh8 26. Qe6 Bb7 27. Qxf6 Rxf6
28. Rxc8+ Bxc8 29. Rc1 Bb7 30. Nxd4 exd4 31. Rc7 Rc6 32. Rxc6 Bxc6 33. f3 g5
34. Kf2 Kg7 35. e5 Kg6 36. Be6 h5 37. h4 Bb7 38. Ke2 g4 39. fxg4 hxg4 40. Bxg4
Bxg2 41. Kd3 f3 42. Kxd4 f2 43. Be2 f1=Q 44. Bxf1 Bxf1 45. Kc5 Be2 46. Kb6 Bd1
47. Kxa6 Ba4 48. Kb6 Kf5 49. Kc5 Kxe5 50. h5 Kf6 0-1

[Event "Olomouc Chess Summer 2011 - Open Olomouc"]
[Site "Olomouc"]
[Date "2011.08.07"]
[Round "4.11"]
[White "Rodmacq, Clement"]
[Black "Gunajew, Rafal"]
[Result "0-1"]
[WhiteElo "1978"]
[BlackElo "2258"]
[PlyCount "60"]
[EventDate "2011.08.04"]

1. e4 c5 2. Nc3 Nc6 3. f4 g6 4. Nf3 Bg7 5. Bc4 e6 6. O-O Nge7 7. d3 O-O 8. Qe1
d5 9. Bb3 dxe4 10. dxe4 b6 11. Qh4 Nd4 12. f5 gxf5 13. Bg5 f6 14. Bh6 Ng6 15.
Qh5 Nxb3 16. axb3 fxe4 17. Nxe4 Qd5 18. Nfg5 fxg5 19. Rxf8+ Nxf8 20. Rf1 Bd4+
21. Kh1 Ng6 22. Qf3 Bb7 23. Qf7+ Kh8 24. Re1 Qxe4 25. Rxe4 Bxe4 26. c3 Be5 27.
Qxe6 Rd8 28. Kg1 Rd1+ 29. Kf2 Rd2+ 30. Ke1 Re2+ 0-1

[Event "Olomouc Chess Summer 2011 - Open Olomouc"]
[Site "Olomouc"]
[Date "2011.08.07"]
[Round "4.12"]
[White "Hobusch, Alexander"]
[Black "Kulas, Szymon"]
[Result "1-0"]
[WhiteElo "2133"]
[BlackElo "1930"]
[PlyCount "85"]
[EventDate "2011.08.04"]

1. d4 Nf6 2. Nf3 g6 3. c4 Bg7 4. Nc3 O-O 5. e4 d6 6. Be2 Nbd7 7. Be3 e5 8. d5
Ne8 9. Nd2 f5 10. f3 Nef6 11. b4 a5 12. a3 Nh5 13. g3 f4 14. Bf2 fxg3 15. hxg3
Qg5 16. Nf1 Qe7 17. Nb5 Ndf6 18. c5 axb4 19. axb4 Rxa1 20. Qxa1 g5 21. Qa5 Rf7
22. cxd6 cxd6 23. Qb6 Bf8 24. Be3 Rg7 25. g4 Nf4 26. Ng3 h5 27. Bxf4 exf4 28.
Nxh5 Nxh5 29. Rxh5 Bd7 30. Na3 Qe5 31. Nc4 Qc3+ 32. Kf2 Bxg4 33. fxg4 Qg3+ 34.
Kf1 f3 35. Qf2 fxe2+ 36. Kxe2 Qxg4+ 37. Qf3 Qd7 38. Qh1 Qg4+ 39. Kd3 Be7 40.
Ne3 Qg3 41. Rh3 Qf4 42. Rh8+ Kf7 43. Qh5+ 1-0